000
00328nam a2200157Ia 4500
100
_a
Brian Adams
650
_a
Philosophy
942
_c
BK
654
_a
secceed
245
_a
How to Succeed
260
_b
Better Yourself Books
_a
Bandra
_c
1969
082
_a
170/BRI
_b
BRI
300
_a
231
546
_a
ENGLISH
999
_c
35123
_d
35123